| 000 | 00763aam a2200265 4500 | ||
|---|---|---|---|
| 005 | 20161117094236.0 | ||
| 008 | 150408b xxu||||| |||| 00| 0 spa d | ||
| 041 | _aspa | ||
| 082 | _a657.45 S235p | ||
| 100 |
_aSantillana González, Juan Ramón _932218 |
||
| 245 | _aEstablecimiento de sistemas de control interno: la función de la contraloría | ||
| 260 |
_aMéxico _bEdamsa _c2005 |
||
| 300 | _a323 páginas | ||
| 650 |
_aAUDITORIA _92653 |
||
| 650 |
_aCONTROL INTERNO _9762 |
||
| 650 |
_aCICLO DE TRANSACCIONES _932219 |
||
| 650 |
_aINGRESOS _96281 |
||
| 650 |
_aCOMPRA _95566 |
||
| 650 |
_aPRODUCCION _9706 |
||
| 650 |
_aINVENTARIO _93069 |
||
| 650 |
_aNOMINAS _929397 |
||
| 650 |
_aTESORERIA _932220 |
||
| 650 |
_aCONTRALORIA _932221 |
||
| 942 | _cBK | ||
| 999 |
_c4349 _d4349 |
||